000 00795nam a2200241 a 4500
001 54224
003 BD-RjUL
005 20211209080104.0
008 161103s1979 nyua b 001 0 eng
020 _a0471051284
035 _a(BD-RjUL)54346
040 _aDLC
_cDLC
_dBD-RjUL
_beng
041 _aeng
082 0 0 _a512.2
_223
_bSWG 1979
100 1 _aSwamy, Nyayapathi Venkata Vykuntha Jagannadha.
_9161825
245 1 0 _aGroup theory made easy for scientists and engineers /
_cNyayapathi V. V. J. Swamy, Mark A. Samuel.
260 _aNew York :
_bJohn Wiley & Sons,
_cc1979.
300 _aviii, 174 p. :
_bill. ;
_c24 cm.
504 _aIncludes Bibliographical References and Index
650 0 _aGroup theory.
_9161826
700 1 _aSamuel, Mark A.,
_ejoint author.
_9161827
942 _2ddc
_cBK
999 _c54224
_d54224